Making Foreign Economic Policy

Saved in:
Bibliographic Details
Main Author: Destler, I.M
Format: Book
Language:English
Published: Washington Brookings Institution 1980
Edition:1. ed.
Tags: Add Tag
No Tags, Be the first to tag this record!

MARC

LEADER 00000nam a2200000 4500
001 c034650
005 20221220102126.9
041 0 |a eng 
044 |a US 
245 1 0 |a Making Foreign Economic Policy  |c I.M. Destler 
250 |a 1. ed. 
264 1 |a Washington  |b Brookings Institution  |c 1980 
300 |a 240 s. 
100 1 |a Destler, I.M.